MENTAL MATHEMATICS (Record no. 6659)
[ view plain ]
| 000 -LEADER | |
|---|---|
| fixed length control field | 00573nam a22001457a 4500 |
| 020 ## - INTERNATIONAL STANDARD BOOK NUMBER | |
| ISBN | 81-219-3145-2 |
| 082 ## - DEWEY DECIMAL CLASSIFICATION NUMBER | |
| Classification number | 001 |
| Item number | AGG/M |
| 100 ## - MAIN ENTRY--AUTHOR NAME | |
| Personal name | AGGARWAL, R.S |
| 245 ## - TITLE STATEMENT | |
| Title | MENTAL MATHEMATICS |
| 260 ## - PUBLICATION, DISTRIBUTION, ETC. (IMPRINT) | |
| Place of publication | NEW DELHI |
| Name of publisher | S.CHAND'S & COMPANY |
| Year of publication | 2000 |
| 300 ## - PHYSICAL DESCRIPTION | |
| Number of Pages | 107 |
| 520 ## - SUMMARY, ETC. | |
| Summary, etc | Mental math is a group of skills that allow people to do math “in their head” without using pencil and paper or a calculator. One of these skills is remembering math facts, like 8 × 5 = 40. Other skills include rounding numbers and estimating calculations. |
| 650 ## - SUBJECT ADDED ENTRY--TOPICAL TERM | |
| Topical Term | SHORT STORY |
| 942 ## - ADDED ENTRY ELEMENTS (KOHA) | |
| Koha item type | Books |
| Withdrawn status | Lost status | Collection code | Home library | Current library | Shelving location | Date acquired | Source of acquisition | Cost, normal purchase price | Full call number | Accession Number | Koha item type |
|---|---|---|---|---|---|---|---|---|---|---|---|
| Reference | Main Library | Main Library | SHELF-17C--MATHS RELATED QUIZ BOOK | 21/12/2009 | Purchase | 75.00 | 001 AGG/M | 04878 | Books | ||
| Fiction | Main Library | Main Library | SHELF-17C--MATHS RELATED QUIZ BOOK | 21/12/2009 | Purchase | 85.00 | 001 AGG/M | 04931 | Books | ||
| Fiction | Main Library | Main Library | SHELF-17C--MATHS RELATED QUIZ BOOK | 21/12/2009 | Purchase | 95.00 | 001 AGG/M | 04880 | Books | ||
| Fiction | Main Library | Main Library | SHELF-17C--MATHS RELATED QUIZ BOOK | 21/12/2009 | Purchase | 110.00 | 001 AGG/M | 04929 | Books |